000 00911nam a2200241 a 4500
001 000008120
005 20200929154437.0
008 090915s1987 dr 000 0 spa d
040 _aDO-SdBNP
_bspa
_cBNPHU
082 _a621.3
_bB622ca
100 1 _aBisonó Pérez, Emilio
_d1946-
_921861
245 1 3 _aEl campo de la ingeniería electromecánica /
_cEmilio Bisonó Pérez.
260 _aSanto Domingo :
_bUniversitaria,
_c1987.
300 _a437 p. :
_b21 cm.
490 1 _aPublicaciones de la Universidad Autónoma de Santo Domingo ;
_v521
490 1 _aCiencia y tecnología ;
_v22
504 _aBibliografía: p. 431-433
590 _aInventariado,2018/DG
650 4 _aIngenieria eléctrica
_922041
650 4 _aIngenieria mecánica
_922042
830 0 _aPublicaciones de la Universidad Autónoma de Santo Domingo ;
_v521
_pCiencia y tecnologia ;
_n22
_922043
910 _aValidado. Control de calidad MFF
999 _c7897
_d7897